More Folk Songs - Statistics

General Stats
  • This quiz has been taken 20 times
  • The average score is 13 of 21
Answer Stats
Hint Answer % Correct
Bob Dylan: How many roads must a man walk down Before you call him _ ___? a man
88%
Woody Guthrie: This land is your land, this land is my land From the California to the ___ ____ island New York
88%
This land was made for ___ ___ __ you and me
88%
If I had a ____ I'd ring it in the morning I'd ring it in the evening All over this land bell
82%
The answer, my friend, is ______’ __ ___ ____ blowin' in the wind
82%
It's the song about ____ between my brothers and my sisters All over this land Love
76%
If I had a ____ I'd sing it in the morning I'd sing it in the evening All over this land song
76%
From the Redwood Forest, to the gulf stream ______ waters
76%
Pete Seeger: Where have all the _______ gone, long time passing? Where have all the _______ gone, long time ago? Where have all the _______ gone? Gone to young girls, every one! When will they ever learn, when will they ever learn? flowers
71%
And where have all the graveyards gone, long time passing? Where have all the graveyards gone, long time ago? Where have all the graveyards gone? Gone to, _______ every one! When will they ever learn, oh when will they ever learn? flowers
71%
Pete Seeger & Lee Hays: If I had a ______ I'd ______ in the morning I'd ______ in the evening All over this land hammer
71%
It's the bell of ______ Freedom
59%
Yes, 'n' how many years can some people exist Before they're allowed __ __ ____? to be free
59%
Folk Standard: _____, goodnight _____, goodnight Goodnight, _____ Goodnight, _____ I'll see you in my dreams Irene
53%
Well I got a hammer And I got a bell And I got a song to sing All over this land It's the of hammer of _______ Justice
53%
Sometimes I live in the _______ Sometimes I live in town Sometimes I take a great motion To jump in the river and drown country
41%
Where have all the young men gone, long time passing? Where have all the young men gone, long time ago? Where have all the young men gone? Gone to, ________ every one! When will they ever learn, when will they ever learn? soldiers
41%
Where have all the young girls gone, long time passing? Where have all the young girls gone, long time ago? Where have all the young girls gone? Gone to ____ ___every one! When will they ever learn, when will they ever learn? young men
41%
And where have all the soldiers gone, long time passing? Where have all the soldiers gone, a long time ago? Where have all the soldiers gone? Gone to, __________ every one! When will they ever learn, when will they ever learn? graveyards
35%
Last Saturday night I got ______ Me and my wife settled down
 Now, me and my wife are parted Gonna take a little stroll downtown married
18%
Stop ramblin', stop your gamblin' Stop staying out ____ __ _____ Go home to your wife and family Stay there by your fireside, bright late at night
12%
No matching quizzes found
Score Distribution
Percent of People with Each Score
Percentile by Number Answered
Your Score History
You have not taken this quiz